000 01705nam a2200373 i 4500
003 peliumch
005 20251215112821.0
007 ta
008 230503b2005 mx ||||| |||| 00| 0 spa d
020 _a9702606780
040 _aUMCH
_bspa
_cUMCH
_dcrc
_erda
041 0 _aspa
043 _as-pe---
082 0 4 _a658.403/E77a
100 1 _aEspíndola Castro, José Luis
_eautor
245 1 0 _aAnálisis de problemas y toma de decisiones /
_cJosé Luis Espíndola Castro
250 _aTercera edición
264 1 _aMéxico ;
_bPearson Educación.
_c2005
264 4 _c©2005
300 _a178 páginas ;
_bilustraciones, gráficos
_c24 cm.
504 _aBibliografía : páginas 177-178
505 0 _aUNIDAD 1: El problema -- UNIDAD 2: Actos del habla -- UNIDAD 3: Condicionantes psicológicas en la toma de decisiones -- UNIDAD 4: Pentagrama de las decisiones exitosas -- UNIDAD 5: Toma de decisiones -- UNIDAD 6: Resolución de problemas -- UNIDAD 7: Problemas estructurales
_gUnidad 1:
_tEl problema --
_gUnidad 2:
_tActos del habla --
_gUnidad 3:
_tCondicionantes psicológicas en la toma de decisiones --
_gUnidad 4:
_tPentagrama de las decisiones exitosas --
_gUnidad 5:
_tToma de decisiones --
_gUnidad 6:
_tResolución de problemas --
_gUnidad 7:
_tProblemas estructurales --
521 _aRecomendado para un público general.
650 1 4 _ahabilidades cognoscitivas
650 2 4 _aSolución de conflictos
650 2 4 _aToma de decisiones
650 2 4 _aDecisión
_zProcesos
700 1 _aRojo, Luis
_eEditor
942 _2ddc
_cLIB
_n0
999 _c53078
_d53078